|
|
|
|
| LEADER |
00000cam a2200000 7i4500 |
| 001 |
0000006571 |
| 005 |
20021119093000.0 |
| 008 |
021119n |
| 020 |
|
|
|a 0205086225
|
| 050 |
0 |
0 |
|a HG4027.5
|b .S47
|
| 090 |
0 |
0 |
|a HG4027.5
|b .S47
|
| 100 |
0 |
|
|a Shapiro, Alan C. ,
|e author
|
| 245 |
0 |
0 |
|a Multinational financial management
|c Allan C. Shapiro
|
| 250 |
|
|
|a 2nd. ed.
|
| 260 |
2 |
|
|a Boston :
|b Allyn and Bacon ,
|c 1986
|
| 300 |
|
|
|a 672 p. ; ;
|c 24 cm.
|
| 500 |
|
|
|a Includes bibliographies and index
|
| 650 |
|
0 |
|a International business enterprises
|x Finance
|
| 999 |
|
|
|a 1000018146
|b Book
|c OPEN SHELF (30 DAYS)
|e Gong Badak Campus
|